Tribhuvan University Central Library

Step by step s.l.c.mathematics package program: based on new curriculum (new approach) (Record no. 91295)

MARC details
000 -LEADER
fixed length control field 00641nam a22002297a 4500
008 - FIXED-LENGTH DATA ELEMENTS--GENERAL INFORMATION
fixed length control field 200126b xxu||||| |||| 00| 0 eng d
020 ## - INTERNATIONAL STANDARD BOOK NUMBER
International Standard Book Number 9994668412
041 ## - LANGUAGE CODE
Language code of text/sound track or separate title Nep./Eng.
082 ## - DEWEY DECIMAL CLASSIFICATION NUMBER
Edition number 510/W124s
100 ## - MAIN ENTRY--PERSONAL NAME
Personal name Wagle,N.P.
245 ## - TITLE STATEMENT
Title Step by step s.l.c.mathematics package program: based on new curriculum (new approach)
260 ## - PUBLICATION, DISTRIBUTION, ETC.
Place of publication, distribution, etc. Kathmandu:
Name of publisher, distributor, etc. Srijana books publisher & distributors,
Date of publication, distribution, etc. 2006.
300 ## - PHYSICAL DESCRIPTION
Extent 305p.;illus.
650 ## - SUBJECT ADDED ENTRY--TOPICAL TERM
Topical term or geographic name entry element Mathematics
650 ## - SUBJECT ADDED ENTRY--TOPICAL TERM
Topical term or geographic name entry element Algebra
650 ## - SUBJECT ADDED ENTRY--TOPICAL TERM
Topical term or geographic name entry element Arithmetic
9 (RLIN) 8058
650 ## - SUBJECT ADDED ENTRY--TOPICAL TERM
Topical term or geographic name entry element Geometry
700 ## - ADDED ENTRY--PERSONAL NAME
Personal name Khadka, H.B
700 ## - ADDED ENTRY--PERSONAL NAME
Personal name Dawadi,B.D.
700 ## - ADDED ENTRY--PERSONAL NAME
Personal name Tiwari, D.P
942 ## - ADDED ENTRY ELEMENTS (KOHA)
Source of classification or shelving scheme Dewey Decimal Classification
Koha item type ISBN
Holdings
Withdrawn status Lost status Source of classification or shelving scheme Damaged status Not for loan Home library Current library Date acquired Total Checkouts Barcode Date last seen Price effective from Koha item type
    Dewey Decimal Classification     Tribhuvan University Central Library Tribhuvan University Central Library 01/26/2020   IS5008 01/26/2020 01/26/2020 ISBN